Supply, demand and the value of green buildings (Record no. 114595)

MARC details
000 -LEADER
fixed length control field 01067cad a22002415a 4500
001 - CONTROL NUMBER
control field L157098
008 - FIXED-LENGTH DATA ELEMENTS--GENERAL INFORMATION
fixed length control field 120829s2012 xxk ofs 000 0 eng d
020 ## - INTERNATIONAL STANDARD BOOK NUMBER
International Standard Book Number 9781842198162
035 ## - SYSTEM CONTROL NUMBER
System control number (Sirsi) u157098
041 0# - LANGUAGE CODE
Language code of text/sound track or separate title eng
110 2# - MAIN ENTRY--CORPORATE NAME
Corporate name or jurisdiction name as entry element Royal Institution of Chartered Surveyors
9 (RLIN) 4900
245 00 - TITLE STATEMENT
Title Supply, demand and the value of green buildings
Medium [electronic resource]
260 ## - PUBLICATION, DISTRIBUTION, ETC.
Place of publication, distribution, etc. London
Name of publisher, distributor, etc. RICS
Date of publication, distribution, etc. 2012
490 ## - SERIES STATEMENT
Series statement RICS Research
520 ## - SUMMARY, ETC.
Summary, etc. Documents the 2000-2009 period, in which the expanding supply of "green" buildings within a given London neighborhood had a positive impact on rents and prices in general, but reduced rents and prices for environmentally-certified real estate. The results suggest that there is a gentrification effect from "green" buildings
651 #4 - SUBJECT ADDED ENTRY--GEOGRAPHIC NAME
Geographic name United Kingdom
Chronological subdivision
690 ## - LOCAL SUBJECT ADDED ENTRY--TOPICAL TERM (OCLC, RLIN)
Topical term or geographic name as entry element Energy
9 (RLIN) 6237
700 1# - ADDED ENTRY--PERSONAL NAME
Personal name Chegut, Andrea
700 1# - ADDED ENTRY--PERSONAL NAME
Personal name Eichholtz, Piet
700 1# - ADDED ENTRY--PERSONAL NAME
Personal name Kok, Nils
856 40 - ELECTRONIC LOCATION AND ACCESS
Uniform Resource Identifier <a href="https://www.rics.org/Global/Green_Value_Buildings_210312_dwl_aj.pdf">https://www.rics.org/Global/Green_Value_Buildings_210312_dwl_aj.pdf</a>
Public note View the item free of charge at www.rics.org
942 ## - ADDED ENTRY ELEMENTS (KOHA)
Suppress in OPAC 0
Holdings
Withdrawn status Lost status Source of classification or shelving scheme Damaged status Not for loan Home library Current library Shelving location Date acquired Total Checkouts Full call number Barcode Date last seen Copy number Price effective from Koha item type
    Dewey Decimal Classification     Virtual Virtual Online 29/08/2012   ONLINE PUBLICATION 157098-2001 06/08/2019 1 06/08/2019 Book